000 00736nam a22002057a 4500
005 20100805120259.0
010 _aENG-98365
020 _a817621194X
_c125.00
020 _a9788176211949
_c125.00
035 _aEN-81898
037 _bDBAD/PUB
082 _a615.5
100 _aBach, Edward
_98493
245 _aHeal thyself :
_cby edward Bach
_ban explantion of the real cause and cure of disease /
260 _aNew Delhi
_bFull Circle
_c2008
270 _aJ-40, Jorbagh Lane,
_bNewDelhi
_e110003
300 _a92p.
_c18cm(pbk)
942 _2ddc
_cEN
_h615.5
_mBAC
999 _c39396
_d39396